| 000 | 00501nam a2200181Ia 4500 | ||
|---|---|---|---|
| 999 |
_c28691 _d28691 |
||
| 003 | OSt | ||
| 005 | 20210105103601.0 | ||
| 008 | 190216s9999||||xx |||||||||||||| ||und|| | ||
| 020 | _a9788130003221 | ||
| 040 | _coclc | ||
| 082 |
_a894.812301 _bASH/L |
||
| 100 |
_aAshtamoorthy _98131 |
||
| 245 | 0 |
_aLa Patha / _cAshtamoorthy |
|
| 260 |
_bNalanda Prakashan, _aThrissur: _c2005. |
||
| 300 | _a80p | ||
| 650 | _aKathakal | ||
| 942 |
_cBK _2ddc _h894.812301 _iASH/L _k894.812301 _mASH/L |
||